000 00955cjm a22002653a 4500
999 _c130032
_d130032
001 18743744
003 ARRUPE
005 20191114101237.0
007 sd fsngnnmmned
008 150814s2009 deuppn| | eng
010 _a 2015625443
040 _aDLC
_cDLC
050 0 0 _aRA567.R628
100 _aRoaf, Virginia
_948668
245 0 0 _aOn the right track
_hgood practices in realising the rightd=s to water and sanitation
_cVirginia Roaf
260 _aLisbon
_bCatarina de Albuquerque,
_c2012
300 _a223p. ;
_c30cm.
505 0 _aLocalvore -- Into the garden -- Mud pies -- Pocket of hope -- Little isle -- What I sing goes -- See this through -- Ma's -- It'll take more -- Brant-a-round -- What'll be ours -- Have a smile.
511 0 _aZach Ladin.
650 0 _aSanitation
_948669
650 0 _aWater rights
_948670
906 _a7
_bcbc
_corignew
_d3
_encip
_f20
_gy-soundrec
942 _2lcc
_cMONOGRAPH